000 01347cab a2200265 4500
001 ABS67849
008 040517n2004 000 0 eng u
035 _a(Sirsi) u126210
100 _aCoull, I.
245 _aPractice and law
_bleases
260 _c2004
490 _aEstates Gazette
_v(0419) 8 May 2004, 156-161(6)
520 _aA series of articles which consider leases. "More time needed to assess code's effect" comments on the "Code of practice for commercial leases England and Wales" (ISBN 1842190989) and Reading University's interim report on the effectiveness of the code (J128920). "Whole new ball game" explains what the new changes to the Landlord and Tenant Act 1954 will mean to landlord and tenants. The concluding article "Regulations disguised as guidance" suggests that the government aim that landlords offer shorter flexible leases is already evident in existing laws and guidelines. Lists what the code of practice covers.
590 _aKA
650 _aLANDLORD AND TENANT ACT 1954
650 _aCODE FOR LEASING BUSINESS PREMISES IN ENGLAND AND WALES
650 _aLEASE RENEWALS
650 _aFLEXIBLE LEASES
650 _aUPWARD ONLY RENT REVIEWS
650 _aCOMMERCIAL LEASES
690 _aLANDLORD AND TENANT-BUSINESS TENANCIES
700 _aWilletts, G.
700 _aFoster, G.
942 _n0
999 _c74399
_d74399